Oxidačný stres pri hypertenzii

Salvato in:
Dettagli Bibliografici
Autore principale: Bartková, Katarína
Natura: Libro
Lingua:slovacco
Pubblicazione: Bratislava STU FCHPT 2009
Accesso online:Visualizza in OPAC
Tags: Aggiungi Tag
Nessun Tag, puoi essere il primo ad aggiungerne!!

MARC

LEADER 00000nam a2200000 a 4500
005 20260127134321.0
008 090630 2009 xo 000 0 slo d
035 |a vtls009622454 
039 9 |y 200906301201  |z mschk03 
040 |a STUSCHK1  |b slo  |c STUSCHK1  |e AACR2 
100 1 |a Bartková, Katarína 
245 1 |a Oxidačný stres pri hypertenzii  |c Katarína Bartková 
260 |a Bratislava  |b STU FCHPT  |c 2009 
300 |a 63 s.  |b il.  |c 30cm 
500 |a Obháj.: 9.6. 2009 
500 |a Zameranie: biomedicínske inžinierstvo, biochémia a mikrobiológia 
500 |a Študijný odbor: 5.2.25 biotechnológie, 4.1.14 chémia 
500 |a Miesto vypracovania: ÚBVOZ FCHPT STU a Ústav normálnej a patologickej fyziológie SAV 
910 |a SCHK95 
999 |c 9632  |d 9632